00299nam a2200097Ia 4500008004100000245006500041245002400106260000900130650001400139856004800153171211s9999 xx 000 0 und d aEmperor Yang of the Sui Dynasty: His Life, Times, And Legacy cVictor Cunrui Xiong c2006 xBiography uhttp://down.ebook777.com/061/0791465888.pdf